Wszystkie karty TOTS Premier League w FIFIE/EA FC - Statystyki

Ogólne statystyki
  • Ten quiz został rozwiązany 33 razy
  • Średni wynik to 105 z 246
Statystyki odpowiedzi
Fifa Pozycja Zawodnik % Poprawnych
ŚPO Dele Alli
87%
21 BR Ederson
87%
PS Mohamed Salah
87%
19 | 20 | 22 | 24 BR Alisson
84%
ŚP | ŚPO Bruno Fernandes
77%
N Erling Haaland
77%
PO Trent Alexander-Arnold
77%
ŚO Virgil van Dijk
77%
ŚP Kevin De Bruyne
74%
ŚO William Saliba
74%
LP | LS | N Hueng-min Son
71%
PS | LS Sadio Mané
71%
PS Bukayo Saka
68%
N Harry Kane
68%
N Cristiano Ronaldo
65%
LO Andrew Robertson
61%
PO Kyle Walker
61%
ŚPD Rodri
61%
ŚP Bernardo Silva
58%
PP Cole Palmer
58%
15 | 17 | 18 BR David De Gea
58%
LP | ŚP | ŚPO David Silva
58%
N Jamie Vardy
58%
ŚO John Terry
58%
ŚP N’Golo Kanté
58%
ŚO Rúben Dias
58%
ŚP | ŚPD Declan Rice
55%
ŚO Gabriel
55%
ŚPO Phil Foden
55%
N Sergio Agüero
55%
N Wayne Rooney
55%
PO Ben White
52%
LP | LS | PP Eden Hazard
52%
LO Luke Shaw
52%
BR Petr Čech
52%
N Roberto Firmino
52%
ŚP Martin Ødegaard
48%
PP Riyad Mahrez
48%
N Romelu Lukaku
48%
ŚP İlkay Gündoğan
45%
LP | LS Marcus Rashford
45%
N Ollie Watkins
42%
ŚPD Steven Gerrard
42%
23 BR Aaron Ramsdale
39%
ŚPD Casemiro
39%
BR Dean Henderson
39%
ŚP Jordan Henderson
39%
PS Raheem Sterling
39%
N Robin van Persie
39%
N | PS Alexis Sánchez
35%
PO | PP Antonio Valencia
35%
LO | ŚO César Azpilicueta
35%
ŚPO Christian Eriksen
35%
ŚN Diogo Jota
35%
LS Gabriel Martinelli
35%
ŚO Jan Vertonghen
35%
12 BR Joe Hart
35%
LS Leroy Sané
35%
N Luis Suárez
35%
ŚPO Mesut Özil
35%
ŚO Vincent Kompany
35%
N Zlatan Ibrahimović
35%
ŚP Alexis Mac Allister
32%
ŚO David Luiz
32%
LP Gareth Bale
32%
LS | ŚPO Juan Mata
32%
PO Kieran Trippier
32%
ŚO Rio Ferdinand
32%
ŚO Toby Alderweireld
32%
N Diego Costa
29%
BR Hugo Lloris
29%
ŚPO James Maddison
29%
LO | PO João Cancelo
29%
ŚPD Michael Carrick
29%
BR Nick Pope
29%
PO Aaron Wan-Bissaka
26%
N Alexandre Lacazette
26%
LO Ashley Young
26%
ŚP Bruno Guimarães
26%
ŚP Cesc Fàbregas
26%
N Daniel Sturridge
26%
ŚPD Eric Dier
26%
16 BR Jack Butland
26%
CLS Marcos Alonso
26%
LO Oleksandr Zinchenko
26%
N Pierre-Emerick Aubameyang
26%
ŚP Yaya Touré
26%
ŚO Chris Smalling
23%
ŚPD Fernandinho
23%
ŚP Georginio Wijnaldum
23%
ŚP Mateo Kovačić
23%
ŚO Michael Keane
23%
PO Pablo Zabaleta
23%
ŚP | ŚPO Santi Cazorla
23%
ŚPD Aaron Ramsey
19%
ŚP | ŚPO Adam Lallana
19%
ŚP Ander Herrera
19%
LO Christian Fuchs
19%
LO Leighton Baines
19%
ŚP Mason Mount
19%
ŚP Mousa Dembélé
19%
ŚO Wesley Fofana
19%
ŚO Wes Morgan
19%
PS Adama Traoré
16%
LO Ben Davies
16%
PO Héctor Bellerín
16%
ŚO Joleon Lescott
16%
LP Marko Arnautović
16%
PO Nathaniel Clyne
16%
ŚO Nicolás Otamendi
16%
ŚO Per Mertesacker
16%
PO Séamus Coleman
16%
ŚPD Tomáš Souček
16%
ŚO Aymeric Laporte
13%
N Christian Benteke
13%
LP Dimitri Payet
13%
ŚPO Marouane Fellaini
13%
ŚPD Nemanja Matić
13%
LP Yannick Bolasie
13%
N Richarlison
10%
ŚO Steve Cook
10%
BR Asmir Begović
6%
ŚO Çağlar Söyüncü
6%
ŚO Martin Škrtel
6%
CPS Matt Doherty
6%
ŚN Michu
6%
N Odion Ighalo
6%
ŚO Ashley Williams
3%
N Charlie Austin
3%
LP Clint Dempsey
3%
ŚO Fabricio Coloccini
3%
LO Leighton Bainer
3%
ŚPO Rafael van der Vaart
3%
LO Ryan Bertrand
3%
BR Tim Krul
3%
BR Adrián
0%
PO Danny Simpson
0%
BR David Marshall
0%
N Grant Holt
0%
ŚO José Fonte
0%
N Rickie Lambert
0%
ŚP Scott Parker
0%
ŚP Yohan Cabaye
0%
Nie znaleziono quizów pasujących do podanych kryteriów
Rozkład punktacji
Procent ludzi z każdym wynikiem
Percentyl według liczby udzielonych odpowiedzi
Twoja historia wyników
Nie rozwiązałeś tego quizu